000 00246nam a2200097Ia 4500
001 805584
005 20250826171155.0
008 250824s9999 xx 000 0 und d
245 0 _aGÜNAHIN RENGİ
_cAHMED GÜNBAY YILDIZ
260 _bTİMAŞ YAYINLARI
999 _c805584
_d805584